000 00429nam a2200169Ia 4500
008 240729s9999 xx 000 0 und d
022 _a2001-5909
245 0 _aLindbergia
260 _aSweden
260 _bOikos Editorial Office
650 _a Biology (General) | Science
650 _a Botany
650 _aScience
856 _uhttps://doaj.org/toc/8dc23c3d45fb44c0a8acfb0099c0e745
942 _2ddc
942 _cDOAJEJ
999 _c66628
_d66628
945 _a1
_bMadushi Gamage
_c1
_dMadushi Gamage